Law among nations : an introduction to public international law /
This introduction to public international law covers such areas as the Law of Nations, subjects of international law, the law and the individual, international transactions and armed conflicts.
Na minha lista:
| Autor principal: | |
|---|---|
| Formato: | Livro |
| Publicado em: |
New York :
Macmillan,
c1986.
|
| Edição: | 5th ed. |
| Assuntos: | |
| Tags: |
Adicionar Tag
Sem tags, seja o primeiro a adicionar uma tag!
|
MARC
| LEADER | 00000cam a2200000 a 4500 | ||
|---|---|---|---|
| 020 | |a 0024231703 |c TZS 18,234.05 | ||
| 040 | |a MUL |b eng. |e AACR | ||
| 082 | 0 | 0 | |a 341 GLA |
| 100 | 1 | |a Von Glahn, Gerhard, | |
| 245 | 1 | 0 | |a Law among nations : |b an introduction to public international law / |c Gerhard von Glahn. |
| 250 | |a 5th ed. | ||
| 260 | |a New York : |b Macmillan, |c c1986. | ||
| 300 | |a xv, 822 p. : |c 25 cm. | ||
| 504 | |a Includes bibliographies and index. | ||
| 505 | |a Part I The law of nations: the nature of international law; sources of international law; relation between international law and municipal law. Part II Subjects of international law: development of law among nations; the community of nations; recognition of states and governments; loss of international personality (state extinction, state succession); rights of international legal persons; duties of states. Part III The law and the individual: individuals under law; jurisdiction over persons; responsibilities of states for protection of resident aliens; extradition; international criminal law. Part IV Territorial questions: title to territory; national boundaries; the high seas; jurisdiction over the national vessels; jurisdiction over national air and outer space. Part V International transactions: agents of international intercourse; international agreements; peaceful settlement disputes; self-help short of war. Part VI Armed conflicts: legal nature of war today; laws of war; modern war - commencement, effects, termination; laws of conflicts on land and in the air; belligerent occupation; laws of war at sea; neutrality; war crimes. | ||
| 520 | |a This introduction to public international law covers such areas as the Law of Nations, subjects of international law, the law and the individual, international transactions and armed conflicts. | ||
| 546 | |a eng. | ||
| 650 | 0 | |a International law. | |
| 650 | 0 | |a Territorial questions | |
| 650 | 0 | |a International transactions | |
| 942 | |c BK | ||
| 999 | |c 640 |d 640 | ||